000 00288nam a22001337a 4500
008 171101b xxu||||| |||| 00| 0 eng d
020 _a9780060413224
041 _aeng
080 _a339
100 _a59
101 _aTRE
245 _aEQUITY MARKETS
_cROBERT.A.SCH
942 _2udc
_cBK
999 _c37020
_d37020